<?xml version="1.0" encoding="UTF-8"?>
<record
    xmlns:xsi="http://www.w3.org/2001/XMLSchema-instance"
    xsi:schemaLocation="http://www.loc.gov/MARC21/slim http://www.loc.gov/standards/marcxml/schema/MARC21slim.xsd"
    xmlns="http://www.loc.gov/MARC21/slim">

  <leader>00882nam a2200241Ia 4500</leader>
  <controlfield tag="005">20251209092047.0</controlfield>
  <controlfield tag="008">210716s2007    xx            000 0 und d</controlfield>
  <datafield tag="020" ind1=" " ind2=" ">
    <subfield code="a">9788126517589</subfield>
  </datafield>
  <datafield tag="040" ind1=" " ind2=" ">
    <subfield code="c">AIMIT LIBRARY</subfield>
  </datafield>
  <datafield tag="041" ind1=" " ind2=" ">
    <subfield code="a">eng</subfield>
  </datafield>
  <datafield tag="082" ind1=" " ind2=" ">
    <subfield code="a">005.762 </subfield>
    <subfield code="2">1</subfield>
    <subfield code="b">SHMG</subfield>
  </datafield>
  <datafield tag="100" ind1=" " ind2=" ">
    <subfield code="a">Shmueli, Galit.</subfield>
    <subfield code="9">47170</subfield>
  </datafield>
  <datafield tag="245" ind1=" " ind2=" ">
    <subfield code="a">Data mining for business intelligence : </subfield>
    <subfield code="b">concepts techniques and applications in microsoft office excel with XLminer /</subfield>
    <subfield code="c">By Galit Shmueli , Patel Nitin R and Bruce Peter C.</subfield>
  </datafield>
  <datafield tag="250" ind1=" " ind2=" ">
    <subfield code="a">1st ed.</subfield>
  </datafield>
  <datafield tag="260" ind1=" " ind2=" ">
    <subfield code="a">New Delhi :</subfield>
    <subfield code="b">John Willy &amp; Sons,Inc. ,</subfield>
    <subfield code="c">2007.</subfield>
  </datafield>
  <datafield tag="300" ind1=" " ind2=" ">
    <subfield code="a">xviii, 279p. ;</subfield>
    <subfield code="c">23 cm.</subfield>
    <subfield code="b">PB</subfield>
  </datafield>
  <datafield tag="650" ind1=" " ind2=" ">
    <subfield code="a">Overview of the data mining process</subfield>
    <subfield code="9">47171</subfield>
  </datafield>
  <datafield tag="650" ind1=" " ind2=" ">
    <subfield code="a">Multiple linear regression</subfield>
    <subfield code="9">47172</subfield>
  </datafield>
  <datafield tag="650" ind1=" " ind2=" ">
    <subfield code="a">Logistic regression</subfield>
    <subfield code="9">47173</subfield>
  </datafield>
  <datafield tag="700" ind1=" " ind2=" ">
    <subfield code="a">Patel, Nitin R.</subfield>
    <subfield code="9">47174</subfield>
  </datafield>
  <datafield tag="700" ind1=" " ind2=" ">
    <subfield code="a">Bruce, Peter C.</subfield>
    <subfield code="9">47175</subfield>
  </datafield>
  <datafield tag="942" ind1=" " ind2=" ">
    <subfield code="2">ddc</subfield>
    <subfield code="c">BK</subfield>
    <subfield code="e">1st</subfield>
    <subfield code="k">005.762 SHMG</subfield>
  </datafield>
  <datafield tag="999" ind1=" " ind2=" ">
    <subfield code="c">189361</subfield>
    <subfield code="d">189361</subfield>
  </datafield>
  <datafield tag="952" ind1=" " ind2=" ">
    <subfield code="0">0</subfield>
    <subfield code="1">0</subfield>
    <subfield code="2">ddc</subfield>
    <subfield code="4">0</subfield>
    <subfield code="7">0</subfield>
    <subfield code="8">MCA</subfield>
    <subfield code="a">AIMIT</subfield>
    <subfield code="b">AIMIT</subfield>
    <subfield code="e">Current Books</subfield>
    <subfield code="g">459.00</subfield>
    <subfield code="i">Bill no:700011; Bill dt:2009-02-</subfield>
    <subfield code="l">0</subfield>
    <subfield code="o">005.762 SHMG</subfield>
    <subfield code="p">MCA08869</subfield>
    <subfield code="r">2026-05-23 00:00:00</subfield>
    <subfield code="v">459.00</subfield>
    <subfield code="w">2021-07-16</subfield>
    <subfield code="y">BK</subfield>
  </datafield>
  <datafield tag="952" ind1=" " ind2=" ">
    <subfield code="0">0</subfield>
    <subfield code="1">0</subfield>
    <subfield code="2">ddc</subfield>
    <subfield code="4">0</subfield>
    <subfield code="7">0</subfield>
    <subfield code="8">MCA</subfield>
    <subfield code="a">AIMIT</subfield>
    <subfield code="b">AIMIT</subfield>
    <subfield code="e">Current Books</subfield>
    <subfield code="g">459.00</subfield>
    <subfield code="i">Bill no:700011; Bill dt:2009-02-</subfield>
    <subfield code="l">0</subfield>
    <subfield code="o">005.762 SHMG</subfield>
    <subfield code="p">MCA08870</subfield>
    <subfield code="r">2026-05-23 00:00:00</subfield>
    <subfield code="v">367.20</subfield>
    <subfield code="w">2021-07-16</subfield>
    <subfield code="y">BK</subfield>
  </datafield>
  <datafield tag="952" ind1=" " ind2=" ">
    <subfield code="0">0</subfield>
    <subfield code="1">0</subfield>
    <subfield code="2">ddc</subfield>
    <subfield code="4">0</subfield>
    <subfield code="7">0</subfield>
    <subfield code="8">MCA</subfield>
    <subfield code="a">AIMIT</subfield>
    <subfield code="b">AIMIT</subfield>
    <subfield code="e">Knowledge World</subfield>
    <subfield code="g">499.00</subfield>
    <subfield code="i">Bill no:703; Bill dt:2010-07-29</subfield>
    <subfield code="l">0</subfield>
    <subfield code="o">005.762 SHMG</subfield>
    <subfield code="p">MCA10020</subfield>
    <subfield code="r">2026-05-23 00:00:00</subfield>
    <subfield code="v">374.25</subfield>
    <subfield code="w">2021-07-16</subfield>
    <subfield code="y">BK</subfield>
  </datafield>
  <datafield tag="952" ind1=" " ind2=" ">
    <subfield code="0">0</subfield>
    <subfield code="1">0</subfield>
    <subfield code="2">ddc</subfield>
    <subfield code="4">0</subfield>
    <subfield code="7">0</subfield>
    <subfield code="8">MCA</subfield>
    <subfield code="a">AIMIT</subfield>
    <subfield code="b">AIMIT</subfield>
    <subfield code="e">Knowledge World</subfield>
    <subfield code="g">739.00</subfield>
    <subfield code="i">Bill no:182; Bill dt:2016-01-13</subfield>
    <subfield code="l">0</subfield>
    <subfield code="o">005.762 SHMG</subfield>
    <subfield code="p">MCA14476</subfield>
    <subfield code="r">2026-05-23 00:00:00</subfield>
    <subfield code="v">554.25</subfield>
    <subfield code="w">2021-07-16</subfield>
    <subfield code="y">BK</subfield>
  </datafield>
  <datafield tag="952" ind1=" " ind2=" ">
    <subfield code="0">0</subfield>
    <subfield code="1">0</subfield>
    <subfield code="2">ddc</subfield>
    <subfield code="4">0</subfield>
    <subfield code="7">0</subfield>
    <subfield code="8">MCA</subfield>
    <subfield code="a">AIMIT</subfield>
    <subfield code="b">AIMIT</subfield>
    <subfield code="e">Knowledge World</subfield>
    <subfield code="g">789.00</subfield>
    <subfield code="i">Bill no:318; Bill dt:2017-02-10</subfield>
    <subfield code="l">1</subfield>
    <subfield code="o">005.762 SHMG</subfield>
    <subfield code="p">MCA15130</subfield>
    <subfield code="r">2026-05-23 00:00:00</subfield>
    <subfield code="s">2024-10-30</subfield>
    <subfield code="v">591.75</subfield>
    <subfield code="w">2021-07-16</subfield>
    <subfield code="y">BK</subfield>
  </datafield>
  <datafield tag="952" ind1=" " ind2=" ">
    <subfield code="0">0</subfield>
    <subfield code="1">0</subfield>
    <subfield code="2">ddc</subfield>
    <subfield code="4">0</subfield>
    <subfield code="7">0</subfield>
    <subfield code="8">MCA</subfield>
    <subfield code="a">AIMIT</subfield>
    <subfield code="b">AIMIT</subfield>
    <subfield code="e">Knowledge World</subfield>
    <subfield code="g">809.00</subfield>
    <subfield code="i">Bill no:501; Bill dt:2018-03-05</subfield>
    <subfield code="l">0</subfield>
    <subfield code="o">005.762 SHMG</subfield>
    <subfield code="p">MCA15542</subfield>
    <subfield code="r">2026-05-23 00:00:00</subfield>
    <subfield code="v">631.02</subfield>
    <subfield code="w">2021-07-16</subfield>
    <subfield code="y">BK</subfield>
  </datafield>
</record>
